|
|
|
|
| LEADER |
00964nam a2200253 a 4500 |
| 001 |
4096 |
| 003 |
BD-DhAAL |
| 005 |
20150628090716.0 |
| 008 |
150628s2002 nyua 000 0 eng |
| 010 |
|
|
|a 00067385
|
| 020 |
|
|
|a 0130413925 (pbk. : alk. paper)
|
| 040 |
|
|
|a DLC
|c DLC
|d DLC
|d BD-DhAAL
|
| 050 |
0 |
0 |
|a PE1128
|b .B72495 2002
|
| 082 |
0 |
0 |
|a 428.2/4
|2 21
|
| 100 |
1 |
|
|a Brown, H. Douglas,
|d 1941-
|9 12528
|
| 245 |
1 |
0 |
|a Strategies for success :
|b a practical guide to learning English /
|c H. Douglas Brown.
|
| 260 |
|
|
|a White Plains, N.Y. :
|b Longman,
|c c2002.
|
| 300 |
|
|
|a xv, 80 p. :
|b ill. ;
|c 24 cm.
|
| 541 |
|
|
|e 4096
|
| 650 |
|
0 |
|a English language
|v Textbooks for foreign speakers.
|9 5579
|
| 650 |
|
0 |
|a English language
|v Problems, exercises, etc.
|9 11634
|
| 942 |
|
|
|2 ddc
|c BK
|
| 999 |
|
|
|c 34857
|d 34857
|
| 952 |
|
|
|0 0
|1 0
|2 ddc
|4 0
|6 428_240000000000000_BRO
|7 0
|9 54554
|a SCL
|b SCL
|c GEN
|d 2015-06-28
|e Gift: SIT
|l 2
|m 9
|o 428.24 BRO
|p 3020004096
|r 2019-10-19
|s 2019-09-26
|t 1
|w 2015-06-28
|y BK
|